Statistiques concernant Madrid - Culture générale

Cliquez ici pour prendre le quiz!

Statistiques générales

  • Ce quiz a été pris 1 031 fois
    (594 depuis la dernière actualisation)
  • Le résultat moyen est 14 sur 25

Statistiques - réponses

InformationRéponse% Correct
Club de football le plus titré à l'échelle européenne Real Madrid
96%
Religion principale de ses habitantsCatholicisme
93%
Deuxième club de la ville Atlético Madrid
85%
Série espagnole, dans laquelle des braqueurs se cachent derrière des masques, chantent Bella Ciao et dérobent des banques de la capitaleLa casa de papel
83%
Place lumineuse et animéePuerta del {Sol}
83%
Nom donné à un habitant de MadridMadrilène
80%
Stade massif où se déroule les matchs du susmentionnéSantiago {Bernabéu}
78%
Dictateur espagnol et grand réformateur de la villeFrancisco Franco
77%
Plus grand musée d'art de MadridMusée du {Prado}
68%
Chanteur dont son fils Enrique est aussi célèbreJulio Iglesias
61%
Club de première division et ville de banlieue au sud de Madrid Getafe
60%
Céphalopode consommé frit et en sandwich dans ses ruesCalamar
54%
Animal qui se retrouve sur le blason de la villeOurs
54%
Année du terrible attentat de Al-Qaïda2004
53%
Royaume espagnol dont Madrid faisait partie avant l'unificationCastille
53%
Auteur de Don Quichotte (1605)Miguel de Cervantes
49%
Grande place piétonne à proximité de cette dernière, de rouge vêtuePlaza {Mayor}
41%
Organisation onusienne basée dans la ville, acronymisée OMTOrganisation mondiale du {Tourisme}
39%
Peintre qui relata les campagnes et massacres napoléoniens, et dont le buste est la plus haute récompense du cinéma espagnolFrancisco de Goya
37%
Actrice et mannequin dans Ouvre les yeux (1997) et son remake américain Vanilla Sky (2001)Penelope Cruz
37%
Compagnie aérienne nationale basée à MadridIberia
35%
Attaquant né à Madrid qui est aussi le joueur le plus capé du premier club mentionnéRaúl
34%
"Grande voie" qui traverse le centre-villeGran Via
29%
Roi qui fit de Madrid capitale du royaumePhilippe II
22%
Rivière principale de la villeManzanares
9%

Distribution des résultats

Percentile par nombre de réponses

% des personnes avec chaque résultat

Votre développement - résultats

Vous n’avez pas pris ce quiz depuis la dernière actualisation